A critical study on Friedrich Daniel Ernst Schleiermacher’s comparatibilism free-will in light of Biblical perspectives / (Record no. 9568)

MARC details
000 -LEADER
fixed length control field 00452nam a22001457a 4500
003 - CONTROL NUMBER IDENTIFIER
control field GBCCL
005 - DATE AND TIME OF LATEST TRANSACTION
control field 20241126110714.0
008 - FIXED-LENGTH DATA ELEMENTS--GENERAL INFORMATION
fixed length control field 230316b ||||| |||| 00| 0 eng d
040 ## - CATALOGING SOURCE
Transcribing agency gbc
082 ## - DEWEY DECIMAL CLASSIFICATION NUMBER
Classification number ARCH GBC-2022
Item number CIN
100 ## - MAIN ENTRY--PERSONAL NAME
Personal name Cin Tuan Khai,T
9 (RLIN) 16639
245 ## - TITLE STATEMENT
Title A critical study on Friedrich Daniel Ernst Schleiermacher’s comparatibilism free-will in light of Biblical perspectives /
Statement of responsibility, etc. T Cin Tuan Khai
300 ## - PHYSICAL DESCRIPTION
Extent 50p. ;
942 ## - ADDED ENTRY ELEMENTS (KOHA)
Source of classification or shelving scheme Dewey Decimal Classification
Koha item type Thesis
Holdings
Withdrawn status Lost status Source of classification or shelving scheme Damaged status Not for loan Home library Current Library Shelving location Date acquired Total checkouts Full call number Barcode Date last seen Copy number Price effective from Koha item type
    Dewey Decimal Classification     GRACE BIBLE COLLEGE GRACE BIBLE COLLEGE Archives 2023-03-16   ARCH GBC-2022 CIN 025184 2025-05-01 c.1 2023-03-16 Thesis
© Grace Bible College Library 2025